00892cam a22002411 4500001001300000003000400013005001700017008004100034010001700075035002000092040002500112042001200137043001200149050001500161110006200176245004400238260008400282300003900366500008400405505011300489651002200602700002600624ne 65001969 DLC20260227111816.0900702m19491954ir ab f000 0 perr  ane 65001969  a(OCoLC)21953397 aDLCcWaUdOCoLCdDLC apremarc aa-ir---00aDS253b.A51 aIran.bSitād-i Artish.bDāyirah-i Jughrāfiyā'ī.10aFarhang-i jughrāfiyāʼī-i Irān. a[Tihrān],bDayirah-i Jughrafiyāʼī-i Sitad-i Artish,c1328-1332 [1949-54] av.billus., maps (part fold. col.) aVols. 1-9 compiled under the general editorship of Hossein ʻAlī Razmārā.1 av. 1. Astān Markazī.- v. 2. Astān Yakum.- v. 3. Astān Duvum.- v. 4. Astān 3-4: Āzarbāyijān.- 0aIranxGazetteers.1 aRazmara, Hossein Ali.